Statistics for All Golden State Warriors Players 2017-2018 season

Click here to take the quiz!

General Stats

  • This quiz has been taken 29 times
  • The average score is 11 of 17

Answer Stats

Hint Answer % Correct
GFKlay Thomson
100%
FKevin Durant
100%
GStephen Curry
100%
FCDraymond Green
93%
GFAndre Iguodala
85%
CZaza Pachulia
81%
CJaVale McGee
74%
GShaun Livingston
63%
FCKevon Looney
63%
PFDavid West
63%
PGCook Quinn
52%
GFNick Young
52%
FCJordan Bell
52%
GFPatrick McCaw
48%
CDamian Jones
44%
FOmri Casspi
30%
FCChris Boucher
11%

Score Distribution

Percentile by Number Answered

Percent of People with Each Score

Your Score History

You have not taken this quiz